Viajes imaginarios y reales / (Record no. 50667)

MARC details
000 -LEADER
campo de control de longitud fija 00760nam a22002535i 4500
001 - NÚMERO DE CONTROL
campo de control 50667
003 - IDENTIFICADOR DE NÚMERO DE CONTROL
campo de control ES-MaACL
005 - FECHA Y HORA DE LA ÚLTIMA TRANSACCIÓN
campo de control 20250823051518.0
007 - CAMPO FIJO DE DESCRIPCIÓN FÍSICA--INFORMACIÓN GENERAL
campo de control de longitud fija t|
008 - DATOS DE LONGITUD FIJA--INFORMACIÓN GENERAL
campo de control de longitud fija 030806s1986 sp ||||0| spa d
020 ## - NÚMERO INTERNACIONAL ESTÁNDAR DEL LIBRO
Número Internacional Estándar del Libro 84-7223-091-0
040 ## - FUENTE DE CATALOGACIÓN
Centro catalogador/agencia de origen M-BN
Lengua de catalogación spa
Centro/agencia transcriptor M-BN
100 1# - ENTRADA PRINCIPAL--NOMBRE DE PERSONA
Nombre de persona Cunqueiro, Álvaro,
Fechas asociadas al nombre 1911-1981
9 (RLIN) 42188
245 10 - MENCIÓN DEL TÍTULO
Título Viajes imaginarios y reales /
Mención de responsabilidad, etc. Alvaro Cunqueiro ; selección y prólogo de César Antonio Molina.
250 ## - MENCION DE EDICION
Mención de edición 1ª ed.
260 ## - PUBLICACIÓN, DISTRIBUCIÓN, ETC.
Lugar de publicación, distribución, etc. Barcelona :
Nombre del editor, distribuidor, etc. Tusquets,
Fecha de publicación, distribución, etc. 1986.
300 ## - DESCRIPCIÓN FÍSICA
Extensión 338 p. ;
Dimensiones 19 cm.
490 1# - MENCIÓN DE SERIE
Mención de serie Marginales ;
Designación de volumen o secuencia 91
700 1# - ENTRADA AGREGADA--NOMBRE PERSONAL
Nombre de persona Molina, César Antonio.
9 (RLIN) 81883
830 00 - PUNTO DE ACCESO ADICIONAL DE SERIE-TÍTULO UNIFORME
Título uniforme Marginales ;
Designación de volumen o secuencia 91
9 (RLIN) 236110
852 ## - LOCALIZACIÓN
Ubicación ES-MaACL
Número de control de estantería L-10307
Sublocalización o colección R.112077
942 ## - ELEMENTOS DE ENTRADA SECUNDARIOS (KOHA)
Fuente del sistema de clasificación o colocación Clasificación decimal universal
Holdings
Estatus retirado Estado de pérdida Estado de daño No para préstamo Biblioteca de origen Biblioteca actual Ubicación en estantería Fecha de adquisición Fuente de adquisición Total de préstamos Signatura topográfica completa Código de barras Visto por última vez Precio de reemplazo Tipo de ítem Koha
        Biblioteca del Ateneo de Madrid Biblioteca del Ateneo de Madrid Depósito 2 17/01/2008     L-10307 1053289 23/02/2023 23/02/2023 Libro impreso